Knowledge management in theory and practice
Bewaard in:
| Hoofdauteur: | |
|---|---|
| Formaat: | Boek |
| Taal: | Engels |
| Gepubliceerd in: |
Amsterdam
Elsevier
2005
|
| Onderwerpen: | |
| Tags: |
Voeg label toe
Geen labels, Wees de eerste die dit record labelt!
|
MARC
| LEADER | 00000nam a2200000 a 4500 | ||
|---|---|---|---|
| 001 | UCI5387 | ||
| 003 | CL-VaPUC | ||
| 008 | 080328e20050000NE |||||||||||||||||eng|d | ||
| 020 | |a 9780750678643 | ||
| 082 | 0 | 4 | |a 658.4038 |b DAL |2 21 |
| 100 | 0 | |a Dalkir, Kimiz |e author |9 527725 | |
| 245 | 1 | 0 | |a Knowledge management in theory and practice |
| 300 | |a 356 p | ||
| 942 | |c BK | ||
| 945 | |d 20080328 00:00:00 |a rbrito | ||
| 260 | |a Amsterdam |b Elsevier |c 2005 | ||
| 650 | 0 | |a Información |9 256927 | |
| 650 | 7 | |a GESTION ADMINISTRIVA |2 CL-VaPUC |9 527726 | |
| 650 | 0 | |a Análisis de la información |9 306986 | |
| 650 | 0 | |a Toma de decisiones |9 257530 | |
| 650 | 7 | |a EVALUACION DE INFORMACION |2 CL-VaPUC |9 527727 | |
| 650 | 0 | |a Análisis de datos |9 269871 | |
| 583 | |a last modification |c 20080328 00:00:00 |k Rodrigo Vera | ||
| 999 | |c 329138 |d 329136 | ||
| 952 | |0 0 |1 0 |4 0 |6 658_403800000000000_DAL_2005 |7 0 |8 A |9 413477 |a BIBING |b BIBING |d 2019-11-22 |i 4417445 |o 658.4038 DAL 2005 |p 4417445 |r 2025-01-20 |w 2019-11-22 |y BK |k EII | ||